Vista normal
Vista MARC
Entrada Nombre personal
Número de registros utilizados en: 5
001 - NÚMERO DE CONTROL
- campo de control: 31618
003 - IDENTIFICADOR DEL NÚMERO DE CONTROL
- campo de control: BNPHU
005 - FECHA Y HORA DE LA ÚLTIMA TRANSACCIÓN
- campo de control: 20250127094954.0
008 - DATOS DE LONGITUD FIJA
- campo de control de longitud fija: 200615|| aca||aabn | a|a d
010 ## - NÚMERO DE CONTROL DE LA BIBLIOTECA DEL CONGRESO
- Número de control de LC: no2008166414
040 ## - FUENTE DE LA CATALOGACIÓN
- Centro catalogador/agencia de origen: DO-SdBNP
- Lengua de catalogación: spa
- Centro/agencia transcriptor: BNPHU
- Normas de descripción: rda
046 ## - FECHAS CON CODIFICACIÓN ESPECIAL
- Fecha de nacimiento: 1960-
100 1# - ENCABEZAMIENTO-NOMBRE DE PERSONA
- Nombre de persona: Bichara, Rubén,
- Fechas asociadas al nombre: 1960-
370 ## - LUGAR ASOCIADO
- Lugar de nacimiento: El Cercado, San Juan de la Maguana (República Dominicana)
375 ## - GÉNERO/SEXO
- Género/Sexo: Masculino
377 ## - LENGUA/LENGUAJE ASOCIADO
- Código del idioma: spa
400 1# - TRAZADO DE VÉASE--NOMBRE DE PERSONA
- Nombre de persona: Jiménez Bichara, Jerges Rubén,
- Fechas asociadas al nombre: 1960-
400 1# - TRAZADO DE VÉASE--NOMBRE DE PERSONA
- Nombre de persona: Bichara, Jerges Rubén Jiménez,
- Fechas asociadas al nombre: 1960-
670 ## - FUENTE DE DATOS ENCONTRADOS
- Cita de la fuente: Work cat.: (OSt)13560: Bichara, Rubén, 1960-, Páginas revueltas /, 2006.
670 ## - FUENTE DE DATOS ENCONTRADOS
- Información encontrada: (Rubén Bichara) pág. 4 de portada (Jerges Rubén Jiménez Bichara; n. 1960 en El Cercado, San Juan de la Maguana, República Dominicana)
